Nations ayant une équipe FIFA mais qui ne sont pas reconnues par l'ONU - Statistiques

Statistiques générales
  • Ce quiz a été pris 68 fois
  • Le résultat moyen est 10 sur 26
Statistiques - réponses
Hint Réponse % Correct
Europe Gibraltar
79%
Europe Irlande du nord
56%
Asie Palestine
56%
Europe Pays de Galles
55%
Europe Ecosse
53%
Europe Iles Féroé
53%
Asie Hong Kong
50%
Europe Angleterre
48%
Europe Kosovo
44%
Océanie Nouvelle-Calédonie
42%
Amérique centrale Aruba
39%
Asie Macao
39%
Asie Taïwan
37%
Amérique centrale Curaçao
35%
Océanie Tahiti
35%
Amérique centrale Iles Vierges britanniques
34%
Océanie Samoa américaines
34%
Océanie Guam
32%
Amérique centrale Iles Vierges américaines
32%
Amérique centrale Porto-Rico
29%
Amérique centrale Anguilla
26%
Océanie Iles Cook
24%
Amérique centrale Bermudes
23%
Amérique centrale Montserrat
23%
Amérique Centrale Iles Caïmans
18%
Amérique centrale Turks et Caicos
8%
Aucun quiz correspondant
Distribution des résultats
% des personnes avec chaque résultat
Percentile par nombre de réponses
Votre historique - résultats
Vous n’avez pas pris ce quiz